000 00958nam a2200253 i 4500
003 DO-SdBNP
005 20250318094710.0
007 ta
008 250318t1937 dr 000 0 spa d
040 _aDO-SdBNP
_bspa
_cBNPHU
_erda
082 _a366.17293
_bL782
_222
245 0 0 _aLiturgia del grado de past-master :
_breformada por resp. Gran Logia Nacional Dominicana, para uso de las Logias de libres y aceptados Masones del Rito Escocés Antiguo y aceptado del Oriente Dominicano. año 1928 /
264 _aCiudad Trujillo. República Dominicana :
_bTip. La Estrella,
_c1937.
300 _a20 páginas
_c22 cm.
336 _atexto
_btxt
_2rdacontent
337 _asin mediación
_bn
_2rdamedia
338 _avolumen
_bnc
_2rdacarrier
590 _aInventariado, 2025/ YL
610 _aGran Logia Nacional Dominicana
_987222
650 0 _aMasonería
_xRepública Dominicana
_987223
650 0 _aLiturgia
_94858
910 _aYLockward
942 _2ddc
_cLF2
999 _c58448
_d58448